Stonehenge (Record no. 395008)

MARC details
000 -LEADER
fixed length control field 00515nam a2200205Ia 4500
008 - FIXED-LENGTH DATA ELEMENTS--GENERAL INFORMATION
fixed length control field 191130s2009##################000#0#eng##
020 ## - INTERNATIONAL STANDARD BOOK NUMBER
ISBN 9781861978806
082 ## - DEWEY DECIMAL CLASSIFICATION NUMBER
Classification number 936.2319 HIL
100 ## - MAIN ENTRY--AUTHOR NAME
Personal name Hill, Rosemary
245 ## - TITLE STATEMENT
Title Stonehenge
Statement of responsibility, etc Rosemary Hill
260 ## - PUBLICATION, DISTRIBUTION, ETC. (IMPRINT)
Place of publication London
Name of publisher Profile
Year of publication 2009
300 ## - PHYSICAL DESCRIPTION
Number of Pages 242
650 ## - SUBJECT ADDED ENTRY--TOPICAL TERM
Topical Term Antiquities
Topical Term England--Wiltshire
Topical Term Historiography
991 ## -
-- 139046

No items available.

Find us on the map